| 000 | 00643nam a2200229Ia 4500 | ||
|---|---|---|---|
| 003 | OSt | ||
| 005 | 20221007064048.0 | ||
| 006 | a|||||r|||| 00| 0 | ||
| 007 | ta | ||
| 008 | 221006b |||||||| |||| 00| 0 eng d | ||
| 024 | _a17,099 | ||
| 037 | _cTextual | ||
| 040 |
_aFLL _cFLL _beng |
||
| 041 |
_2eng _aeng |
||
| 082 | _aXM25.79.N6, K9;1 | ||
| 100 | _aWionczek Miguel S. | ||
| 245 | 0 | _aEconomic cooperation in Latin America, Africa, and Asia | |
| 260 |
_aCambridge _bM.I.T. Press England _c1969 |
||
| 300 |
_a566p _ccm. |
||
| 942 |
_hXM25.79.N6, K9;1 _cTEXL _2CC |
||
| 999 |
_c1132910 _d1132910 |
||